000 00687nam a22002297a 4500
999 _c8179
_d8179
003 AR-CdUCM
008 190322b ||||| |||| 00| 0 spa d
040 _aMUNICIPALIDAD PROVINCIAL DEL CUSCO
_cBIBLIOTECA MUNICIPAL DEL CUSCO
041 _heng
082 _a818.5 /
_bF28
100 _aFaulkner, William
_954
245 _aLos rateros :
_buna reminiscencia /
260 _aBarcelona :
_bPlaza & Janes,
_c1963.
300 _a276 páginas ;
_c19 cm.
505 _aContenido: Novela.
650 _aLiteratura
_983
650 _aSiglo XIX
_9971
650 _aEstadounidense
_922853
700 _aVidal Turull, Jorge Ferrrer (traducción)
_923067
942 _2ddc
_cLIBROS
945 _aachl